000 00374nam a2200145Ia 4500
008 230917s9999||||xx |||||||||||||| ||und||
040 _e87972
_aMAIN
041 _aEnglish
082 _a709.54 S22G
100 _aSudhi, Padma
245 0 _aGupta art: a study from aesthetic and canonocal norms
260 _aNew Delhi
_bGalaxy
_c1993
300 _axii, 305 p.
942 _cBK
999 _c75918
_d75918